Have these actors/actresses won an Oscar? Sudden Death - Statistics

General Stats
  • This quiz has been taken 62 times
  • The average score is 8 of 14
Answers on the Grid
Answers color-coded by a green-red scale on the quiz's grid according to % correct below.
Amy Adams
Daniel Day-Lewis
Jack Nicholson
Bradley Cooper
Tom Hanks
Tom Cruise
Edward Norton
Robert De Niro
Uma Thurman
Anthony Hopkins
Johnny Depp
Rami Malek
Samuel L. Jackson
Willem Dafoe
Gary Oldman
John Travolta
Leonardo DiCaprio
Matt Damon
Katherine Hepburn
Meryl Streep
Liam Neeson
Elizabeth Taylor
Sandra Bullock
Marilyn Monroe
Bruce Willis
Glenn Close
Mel Gibson
Natalie Portman
Kevin Costner
Emma Stone
 
Answer Stats
Answer % Correct
Daniel Day-Lewis
79%
Tom Hanks
76%
Jack Nicholson
74%
Anthony Hopkins
71%
Robert De Niro
62%
Leonardo DiCaprio
56%
Meryl Streep
53%
Emma Stone
50%
Rami Malek
47%
Gary Oldman
44%
Sandra Bullock
41%
Katherine Hepburn
38%
Natalie Portman
35%
Elizabeth Taylor
29%
No matching quizzes found
Score Distribution
Percent of People with Each Score
Percentile by Number Answered
Your Score History
You have not taken this quiz